Mini jodete clásico [juego].
Guardado en:
| Formato: | Objeto Físico |
|---|---|
| Publicado: |
Argentina :
Nupro,
2011
|
| Materias: | |
| Etiquetas: |
Agregar Etiqueta
Sin Etiquetas, Sea el primero en etiquetar este registro!
|
| LEADER | 00439nrm a22001335a 4500 | ||
|---|---|---|---|
| 001 | CEM.cems017555 | ||
| 008 | 130507s2011##################0###0#####d | ||
| 005 | 20230912093120.0 | ||
| 245 | 0 | 0 | |a Mini jodete clásico [juego]. |
| 260 | |a Argentina : |b Nupro, |c 2011 | ||
| 500 | |a No apto para menores de 3 años 110 naipes en 2 mazos de 55 naipes cada uno | ||
| 082 | 0 | 4 | |a A3 |
| 653 | |a Juego de cartas | ||
| 859 | |a CEMS |b BIB. CEMS - Agricultura |h A3 |i 1-9 |p A0022.99 |t Ej.1 | ||
